|
|
|
|
| LEADER |
00741nam a22001817a 4500 |
| 082 |
|
|
|b RAH/D
|a 300
|
| 100 |
|
|
|a റഹിമാ൯ എ കെ എ
|9 245014
|
| 100 |
|
|
|a Rahman A K A
|9 245015
|
| 240 |
|
|
|a Deseeyolgrathanam Indiayil
|
| 245 |
|
|
|a ദേശീയോൽഗ്രഥനം ഇന്ത്യയിൽ
|
| 250 |
|
|
|a 1st
|
| 260 |
|
|
|a Trissur;
|b Current Books;
|
| 300 |
|
|
|a 50p.
|
| 650 |
|
|
|a മലയാളം; സാമൂഹ്യശാസ്ത്രങ്ങള് /പഠനങ്ങള്
|9 245016
|
| 650 |
|
|
|a Malayalam; Sociel Science
|9 245017
|
| 942 |
|
|
|c BK
|
| 999 |
|
|
|c 49761
|d 49761
|
| 952 |
|
|
|0 0
|1 0
|4 0
|6 300_000000000000000_RAH_D
|7 0
|8 Socia
|9 58687
|a MAL
|b MAL
|d 2016-03-08
|e 1098
|l 0
|o 300 RAH/D
|p MAL001098
|r 2016-03-08
|t 1
|w 2016-03-08
|y BK
|